It is my good name that you should remember : Egyptian biographical texts on Middle Kingdom stelae /

محفوظ في:

المؤلف الرئيسي: Landgráfová, Renata.

التنسيق: كتاب

اللغة: English

منشور في: Prague : Charles University, Faculty of Arts, Czech Institute of Egyptology, 2011.

الموضوعات:

الوسوم: إضافة وسم

لا توجد وسوم, كن أول من يضع وسما على هذه التسجيلة!

رقم الطلب: PJ1521 .L36 2011

LEADER 00985nam a22002417a 4500
003 OSt
005 20251020090922.0
008 251020t2011 xr ab b 001 0deng d
020 |a 9788073083823 (hbk.) 
040 |c ARCE Library 
050 1 4 |a PJ1521  |b .L36 2011  
100 1 |a Landgráfová, Renata. 
245 1 0 |a It is my good name that you should remember :   |b Egyptian biographical texts on Middle Kingdom stelae /   |c Renata Landgráfová ; with contribution by Hana Navrátilová. 
264 1 |a Prague :   |b Charles University, Faculty of Arts, Czech Institute of Egyptology,   |c 2011. 
300 |a xxv, 323 p. :   |b ill., maps ;   |c 27 cm. 
504 |a Includes bibliographical references (p. 292-309) and index. 
650 0 |a Inscriptions, Egyptian. 
650 0 |a Stele (Archaeology) -- Egypt. 
651 0 |a Egypt -- History -- Middle Kingdom, ca. 2180-ca. 1551 B.C. 
651 0 |a Egypt -- Officials and employees -- Biography. 
901 |a reviewed 
942 |2 lcc  |c BK 
999 |c 50117  |d 50117